000 01574nam a2200289Ia 4500
001 H6575
003 IT-RoPAU
008 130308s9999 xx 000 0 und d
040 _aIT-RoPAU
040 _cIT-RoPAU
041 _aITALIANO
100 _aBargellini Piero
100 _gCodice Aut. SPICS: 58572
245 _aBelvedere - Il Settecento
245 _bBelvedere - Il Settecento
250 _a1a ed.
260 _aFIRENZE
260 _bVallecchi
260 _c1963 [1° Ed.:1963 - Ed.Ling.Originale:1963]
300 _a"336 p. (prefazione: no ; testo: 336 [pagine: 0-0])"
500 _a"Voto di 1 Re e Palazzina Reale di Stupinigi. Reggia di Caserta e scultura di Giardinaggio. Società in salotto e Soprammobili di Porcellana. Vita nell'Arcadia e Pittura Rococo'. Assalto Alle Cupole e Arte nella Firenze Granducale. Fiera di Poggio a Caiano e Tregende Macabre del Magnasco. Italiani all'estero e successo Pittura Rococo'. Pace Sulla Laguna e pittori Assoluta Luminosità. Tramonto di Un'Età e Abbagliante Parabola Tiepolo. Rosalba carriera e ritratto Settecentesco. Teatro di Piero Longhi e Poetica scenografia del Canaletto. Vedute di Francesco Guardi e conquista Atmosfera. Giambattista Piranesi e Ruinismo dell'arte . Razionalismo del padre Lodoli e prove Architettura Neoclassica. dominio delle grazie e Fine del Rococo'. Indici: Riassunto del Volume; tavole a Colori; Illustrazioni in Nero. Nomi e Cose Notevoli."
650 _aSAGGI SULLE ARTI VISIVE
650 _eCodice materia Spics: 5011
942 _cBK
957 _71
999 _c90730
_d90730
999 _g1